Risk issues and crisis management (Record no. 6802)

MARC details
000 -LEADER
fixed length control field 00519 a2200205 4500
001 - CONTROL NUMBER
control field 132436
003 - CONTROL NUMBER IDENTIFIER
control field OSt
005 - DATE AND TIME OF LATEST TRANSACTION
control field 20211027145825.0
008 - FIXED-LENGTH DATA ELEMENTS--GENERAL INFORMATION
fixed length control field
082 ## - DEWEY DECIMAL CLASSIFICATION NUMBER
Classification number 658.4056
Item number R26R
100 1# - MAIN ENTRY--PERSONAL NAME
Personal name Regester, Michael
245 1# - TITLE STATEMENT
Title Risk issues and crisis management
Statement of responsibility, etc by Michael Regester and Judy Larkin
250 ## - EDITION STATEMENT
Edition statement 3rd ed.
260 ## - PUBLICATION, DISTRIBUTION, ETC. (IMPRINT)
Place of publication, distribution, etc New Delhi
Name of publisher, distributor, etc Kogan Page
Date of publication, distribution, etc 2008
300 ## - PHYSICAL DESCRIPTION
Extent 236p.
630 ## - SUBJECT ADDED ENTRY--UNIFORM TITLE
Uniform title Management
690 ## - LOCAL SUBJECT ADDED ENTRY--TOPICAL TERM (OCLC, RLIN)
Topical term or geographic name as entry element Management
700 ## - ADDED ENTRY--PERSONAL NAME
Personal name Larkin, Judy
942 ## - ADDED ENTRY ELEMENTS (KOHA)
Source of classification or shelving scheme Dewey Decimal Classification
Koha item type Books
Holdings
Withdrawn status Lost status Source of classification or shelving scheme Damaged status Not for loan Collection code Home library Current library Date acquired Source of acquisition Cost, normal purchase price Full call number Barcode Date last seen Price effective from Koha item type
    Dewey Decimal Classification     General Text Book Central University Of Rajasthan Central University Of Rajasthan 08/06/2012 MGM 295.00 658.4056 R26R 9254 21/11/2024 02/09/2020 Books